Correctional Institutions (Record no. 1190881)

MARC details
000 -LEADER
fixed length control field 00825nam a2200289Ia 4500
003 - CONTROL NUMBER IDENTIFIER
control field OSt
005 - DATE AND TIME OF LATEST TRANSACTION
control field 20221007110536.0
008 - FIXED-LENGTH DATA ELEMENTS--GENERAL INFORMATION
fixed length control field 221006b |||||||| |||| 00| 0 eng d
020 ## - INTERNATIONAL STANDARD BOOK NUMBER
International Standard Book Number 0397473567
037 ## - SOURCE OF ACQUISITION
Terms of availability Textual
040 ## - CATALOGING SOURCE
Original cataloging agency LCO
Transcribing agency LCO
Language of cataloging eng
041 ## - LANGUAGE CODE
Source of code eng
Language code of text/sound track or separate title eng
100 ## - MAIN ENTRY--PERSONAL NAME
Personal name Carter Robert M. Ed.
245 #0 - TITLE STATEMENT
Title Correctional Institutions
250 ## - EDITION STATEMENT
Edition statement 2nd
260 ## - PUBLICATION, DISTRIBUTION, ETC.
Place of publication, distribution, etc. Philadelphia
Name of publisher, distributor, etc. J.B. Lippincott Company U.S.A.
Date of publication, distribution, etc. 1977
300 ## - PHYSICAL DESCRIPTION
Extent 571
650 ## - SUBJECT ADDED ENTRY--TOPICAL TERM
Topical term or geographic name entry element CORRECTIONAL INSTITUTIONS
9 (RLIN) 707626
700 ## - ADDED ENTRY--PERSONAL NAME
Personal name Glaser Daniel Ed.
700 ## - ADDED ENTRY--PERSONAL NAME
Personal name Wilkins Leslie T. Ed.
9 (RLIN) 707627
942 ## - ADDED ENTRY ELEMENTS (KOHA)
Classification part Y:4:62, L7
Koha item type Textual
Holdings
Withdrawn status Lost status Damaged status Not for loan Home library Current library Date acquired Total Checkouts Full call number Barcode Date last seen Price effective from Koha item type
        Law Centre-I Library Law Centre-I Library 2022-10-07   Y:4:62 L7 LO0629233 2022-10-07 2022-10-07 Textual
Copyright @ Delhi University Library System